| 000 | 00949nas a2200277 4500 | ||
|---|---|---|---|
| 001 | BR8500193 | ||
| 003 | BR-BrBNA | ||
| 005 | 20231205090051.0 | ||
| 007 | ta | ||
| 008 | 230509b bl.|||p| |||| 00| 00por d | ||
| 040 |
_aBR-BrBNA _bpor _cBiblioteca Nacional de Agricultura |
||
| 041 | _a(Pt) | ||
| 072 | _aL10 | ||
| 100 | 1 | _aKozicki, L.E. | |
| 100 | 1 | _aBostedt, H. | |
| 100 | 1 | _aArnstadt, K.I. | |
| 245 | 1 | _aPerfis de progesterona no puerperio de vacas leiteiras analisados com o auxilio do radioimunoensaio e do enzimimunoensaio | |
| 246 | 1 | _aProgesterone profiles in the puerperium of dairy cows analyzed by radioimmunoassay and enzymimmunoessay | |
| 650 | _aVACA LEITEIRA | ||
| 650 | _aPROGESTERONA | ||
| 650 | _aOVARIO | ||
| 650 | _aPLACENTA | ||
| 773 | 0 |
_tPesquisa Agropecuaria Brasileira (Brazil) _xISSN 0100-204X _g(Apr 1984), v. 19(4) p. 507-510 _wBR8500193 |
|
| 909 |
_a202311 _bLúcia _c55 _dLúcia Elande |
||
| 942 |
_2AGRIS _n0 _cANA |
||
| 999 |
_c115923 _d115923 |
||